Biología : el origen de la vida /

Guardado en:
Autor Principal: Rosenberg, Diana C.
Otros Autores: Onna, Alberto F., Molina, Juana Emilia, Diamant, Ana
Formato: Libro
Publicado: Buenos Aires : Conicet, 1997
Series:Pro Ciencia
Materias:
Etiquetas: Agregar Etiqueta
Sin Etiquetas, Sea el primero en etiquetar este registro!
LEADER 01340nam a22002775a 4500
001 CEM.cems009560
008 130507s1997##################000#0#####d
005 20260702111315.0
245 1 0 |a Biología :  |b el origen de la vida /  |c Diana C. Rosenberg ... [et Al.] 
260 |a Buenos Aires :  |b Conicet,  |c 1997 
300 |a 263 p. 
490 0 |a Pro Ciencia 
500 |a Red Federal de Formación Docente Continuaprograma de Perfeccionamiento Docente 
505 0 |a El origen de la vida -- La interdisciplina: una nueva forma de abordar el problema -- Ultimas noticias sobre el origen del universo -- Hacia el orden biológico -- La aparición de la vida: un límite impreciso -- La energía en crisis y su influencia en la evolución prebiótica -- Hacia la independencia del caldo primitivo -- El origen de los grupos de organismos vivos 
020 |a 9506920044 
100 1 |a Rosenberg, Diana C. 
700 1 |a Onna, Alberto F. 
700 1 |a Molina, Juana Emilia 
700 1 |a Diamant, Ana 
082 0 4 |a 575 
653 |a Biología 
653 |a Vida-origen de la 
859 |a CEMS  |b BIB. CEMS - Agricultura  |h 575  |i R723  |p A19601.98  |t Ej.1 
859 |a CEMS  |b BIB. CEMS - 11 de abril  |h 575  |i R723  |p 19372.97  |t Ej.1 
859 |a CEMS  |b BIB. CEMS - 11 de abril  |h 575  |i R723  |p 19373.97  |t Ej.2 
859 |a CEMS  |b BIB. CEMS - 11 de abril  |h 575  |i R723  |p 19374.97  |t Ej.3